1 vs 1 - Qui est ... #1 - Statistiques

Statistiques générales
  • Ce quiz a été pris 52 fois
  • Le résultat moyen est 12 sur 20
Statistiques - réponses
Question Réponse % Correct
~ 2 fois plus peuplé 🇩🇿 Algérie
100%
~ 2 fois plus peuplé 🇦🇹 Autriche
100%
~ 6 fois plus peuplé 🇧🇼 Botswana
100%
~ 2 fois plus peuplé 🇧🇬 Bulgarie
100%
~ 12 fois plus peuplé 🇨🇾 Chypre
100%
~ 19 fois plus peuplé 🇰🇲 Comores
100%
~ 3 fois plus peuplé 🇭🇷 Croatie
100%
~ 14 fois plus peuplé 🇩🇯 Djibouti
100%
~ 2 fois plus peuplé 🇺🇸 États-Unis
100%
~ 2 fois plus peuplé 🇫🇷 France
100%
~ 6 fois plus peuplé 🇬🇦 Gabon
100%
~ 3 fois plus peuplé 🇬🇪 Géorgie
100%
~ 7 fois plus peuplé 🇬🇼 Guinée-Bissau
100%
~ 7 fois plus peuplé 🇬🇶 Guinée équatoriale
100%
~ 22 fois plus peuplé 🇬🇾 Guyana
100%
~ 23 fois plus peuplé 🇬🇾 Guyana
100%
~ 3 fois plus peuplé 🇮🇪 Irlande
100%
~ 4 fois plus peuplé 🇯🇲 Jamaïque
100%
~ 9 fois plus peuplé 🇽🇰 Kosovo
100%
~ 8 fois plus peuplé 🇱🇻 Lettonie
100%
~ 2 fois plus peuplé 🇱🇷 Liberia
100%
~ 2 fois plus peuplé 🇲🇱 Mali
100%
~ 57 fois plus peuplé 🇲🇹 Malte
100%
~ 4 fois plus peuplé 🇲🇩 Moldavie
100%
~ 3 fois plus peuplé 🇴🇲 Oman
100%
~ 2 fois plus peuplé 🇷🇺 Russie
100%
~ 2 fois plus peuplé 🇷🇺 Russie
100%
~ 48 fois plus peuplé 🇸🇷 Suriname
100%
~ 53 fois plus peuplé 🇸🇷 Suriname
100%
~ 2 fois plus peuplé 🇹🇩 Tchad
100%
~ 2 fois plus peuplé 🇹🇷 Turquie
100%
~ 4 fois plus peuplé 🇺🇾 Uruguay
100%
~ 2 fois plus peuplé 🇻🇳 Vietnam
100%
~ 6 fois plus peuplé 🇬🇦 Gabon
91%
~ 22 fois plus peuplé 🇰🇲 Comores
88%
~ 2 fois plus peuplé 🇬🇳 Guinée
88%
~ 3 fois plus peuplé 🇲🇷 Mauritanie
88%
~ 4 fois plus peuplé 🇧🇦 Bosnie-Herzégovine
86%
~ 13 fois plus peuplé 🇪🇪 Estonie
86%
~ 13 fois plus peuplé 🇲🇺 Maurice
86%
~ 2 fois plus peuplé 🇨🇩 République démocratique du Congo
86%
~ 2 fois plus peuplé 🇸🇳 Sénégal
86%
~ 3 fois plus peuplé 🇸🇰 Slovaquie
86%
~ 2 fois plus peuplé 🇧🇩 Bangladesh
83%
~ 2 fois plus peuplé 🇯🇴 Jordanie
83%
~ 8 fois plus peuplé 🇱🇻 Lettonie
83%
~ 5 fois plus peuplé 🇱🇹 Lituanie
83%
~ 2 fois plus peuplé 🇵🇹 Portugal
83%
~ 6 fois plus peuplé 🇸🇮 Slovénie
83%
~ 2 fois plus peuplé 🇦🇷 Argentine
80%
~ 22 fois plus peuplé 🇧🇹 Bhoutan
80%
~ 6 fois plus peuplé 🇬🇼 Guinée-Bissau
80%
~ 8 fois plus peuplé 🇬🇶 Guinée équatoriale
80%
~ 2 fois plus peuplé 🇮🇩 Indonésie
80%
~ 10 fois plus peuplé 🇲🇰 Macédoine du Nord
80%
~ 53 fois plus peuplé 🇲🇪 Monténégro
80%
~ 2 fois plus peuplé 🇻🇪 Venezuela
80%
~ 2 fois plus peuplé 🇩🇪 Allemagne
75%
~ 2 fois plus peuplé 🇧🇴 Bolivie
75%
~ 6 fois plus peuplé 🇧🇼 Botswana
75%
~ 2 fois plus peuplé 🇧🇫 Burkina Faso
75%
~ 2 fois plus peuplé 🇨🇴 Colombie
75%
~ 2 fois plus peuplé 🇰🇷 Corée du Sud
75%
~ 2 fois plus peuplé 🇪🇸 Espagne
75%
~ 2 fois plus peuplé 🇬🇹 Guatemala
75%
~ 2 fois plus peuplé 🇯🇵 Japon
75%
~ 2 fois plus peuplé 🇰🇬 Kirghizistan
75%
~ 2 fois plus peuplé 🇱🇾 Libye
75%
~ 20 fois plus peuplé 🇱🇺 Luxembourg
75%
~ 2 fois plus peuplé 🇲🇦 Maroc
75%
~ 4 fois plus peuplé 🇲🇳 Mongolie
75%
~ 67 fois plus peuplé 🇲🇪 Monténégro
75%
~ 2 fois plus peuplé 🇲🇿 Mozambique
75%
~ 2 fois plus peuplé 🇳🇪 Niger
75%
~ 3 fois plus peuplé 🇳🇿 Nouvelle-Zélande
75%
~ 2 fois plus peuplé 🇷🇴 Roumanie
75%
~ 7 fois plus peuplé 🇸🇮 Slovénie
75%
~ 2 fois plus peuplé 🇹🇼 Taïwan
75%
~ 2 fois plus peuplé 🇨🇿 Tchéquie
75%
~ 13 fois plus peuplé 🇹🇹 Trinité-et-Tobago
75%
~ 5 fois plus peuplé 🇦🇱 Albanie
71%
~ 2 fois plus peuplé 🇸🇸 Soudan du Sud
71%
~ 2 fois plus peuplé 🇹🇭 Thaïlande
71%
~ 2 fois plus peuplé 🇸🇦 Arabie saoudite
67%
~ 2 fois plus peuplé 🇦🇺 Australie
67%
~ 2 fois plus peuplé 🇧🇯 Bénin
67%
~ 2 fois plus peuplé 🇧🇷 Brésil
67%
~ 2 fois plus peuplé 🇰🇭 Cambodge
67%
~ 13 fois plus peuplé 🇨🇾 Chypre
67%
~ 18 fois plus peuplé 🇩🇯 Djibouti
67%
~ 13 fois plus peuplé 🇪🇪 Estonie
67%
~ 13 fois plus peuplé 🇸🇿 Eswatini
67%
~ 5 fois plus peuplé 🇬🇲 Gambie
67%
~ 2 fois plus peuplé 🇮🇱 Israël
67%
~ 12 fois plus peuplé 🇽🇰 Kosovo
67%
~ 6 fois plus peuplé 🇱🇸 Lesotho
67%
~ 5 fois plus peuplé 🇱🇹 Lituanie
67%
~ 2 fois plus peuplé 🇲🇬 Madagascar
67%
~ 3 fois plus peuplé 🇳🇴 Norvège
67%
~ 3 fois plus peuplé 🇵🇦 Panama
67%
~ 2 fois plus peuplé 🇳🇱 Pays-Bas
67%
~ 2 fois plus peuplé 🇬🇧 Royaume-Uni
67%
~ 2 fois plus peuplé 🇸🇾 Syrie
67%
~ 2 fois plus peuplé 🇹🇬 Togo
67%
~ 5 fois plus peuplé 🇦🇲 Arménie
63%
~ 12 fois plus peuplé 🇧🇭 Bahreïn
63%
~ 13 fois plus peuplé 🇲🇺 Maurice
63%
~ 2 fois plus peuplé 🇸🇻 Salvador
63%
~ 2 fois plus peuplé 🇿🇦 Afrique du Sud
60%
~ 2 fois plus peuplé 🇲🇲 Birmanie
60%
~ 2 fois plus peuplé 🇦🇪 Émirats arabes unis
60%
~ 2 fois plus peuplé 🇳🇮 Nicaragua
60%
~ 2 fois plus peuplé 🇵🇰 Pakistan
60%
~ 2 fois plus peuplé 🇺🇦 Ukraine
60%
~ 2 fois plus peuplé 🇪🇬 Égypte
57%
~ 51 fois plus peuplé 🇱🇺 Luxembourg
57%
~ 2 fois plus peuplé 🇲🇽 Mexique
57%
~ 2 fois plus peuplé 🇵🇱 Pologne
57%
~ 2 fois plus peuplé 🇸🇱 Sierra Leone
57%
~ 12 fois plus peuplé 🇧🇭 Bahreïn
56%
~ 2 fois plus peuplé 🇰🇿 Kazakhstan
56%
~ 2 fois plus peuplé 🇲🇾 Malaisie
56%
~ 3 fois plus peuplé 🇨🇫 République centrafricaine
56%
~ 6 fois plus peuplé 🇦🇱 Albanie
50%
~ 2 fois plus peuplé 🇨🇲 Cameroun
50%
~ 2 fois plus peuplé 🇰🇵 Corée du Nord
50%
~ 4 fois plus peuplé 🇨🇷 Costa Rica
50%
~ 2 fois plus peuplé 🇨🇺 Cuba
50%
~ 2 fois plus peuplé 🇩🇰 Danemark
50%
~ 3 fois plus peuplé 🇪🇷 Érythrée
50%
~ 15 fois plus peuplé 🇸🇿 Eswatini
50%
~ 20 fois plus peuplé 🇫🇯 Fidji
50%
~ 5 fois plus peuplé 🇬🇲 Gambie
50%
~ 2 fois plus peuplé 🇬🇷 Grèce
50%
~ 2 fois plus peuplé 🇱🇧 Liban
50%
~ 2 fois plus peuplé 🇳🇬 Nigeria
50%
~ 2 fois plus peuplé 🇺🇬 Ouganda
50%
~ 2 fois plus peuplé 🇵🇬 Papouasie-Nouvelle-Guinée
50%
~ 2 fois plus peuplé 🇷🇸 Serbie
50%
~ 12 fois plus peuplé 🇹🇱 Timor oriental
50%
~ 2 fois plus peuplé 🇹🇳 Tunisie
50%
~ 2 fois plus peuplé 🇿🇲 Zambie
50%
~ 8 fois plus peuplé 🇲🇰 Macédoine du Nord
44%
~ 2 fois plus peuplé 🇵🇰 Pakistan
43%
~ 2 fois plus peuplé 🇸🇩 Soudan
43%
~ 2 fois plus peuplé 🇨🇦 Canada
40%
~ 3 fois plus peuplé 🇨🇮 Côte d'Ivoire
40%
~ 4 fois plus peuplé 🇳🇦 Namibie
40%
~ 2 fois plus peuplé 🇳🇬 Nigeria
40%
~ 2 fois plus peuplé 🇱🇰 Sri Lanka
40%
~ 2 fois plus peuplé 🇹🇿 Tanzanie
40%
~ 2 fois plus peuplé 🇹🇲 Turkménistan
40%
~ 2 fois plus peuplé 🇿🇼 Zimbabwe
40%
~ 2 fois plus peuplé 🇸🇬 Singapour
38%
~ 2 fois plus peuplé 🇦🇴 Angola
33%
~ 2 fois plus peuplé 🇨🇬 Congo
33%
~ 14 fois plus peuplé 🇫🇯 Fidji
33%
~ 2 fois plus peuplé 🇬🇭 Ghana
33%
~ 21 fois plus peuplé 🇸🇧 Îles Salomon
33%
~ 22 fois plus peuplé 🇸🇧 Îles Salomon
33%
~ 2 fois plus peuplé 🇮🇶 Irak
33%
~ 4 fois plus peuplé 🇰🇼 Koweït
33%
~ 6 fois plus peuplé 🇱🇸 Lesotho
33%
~ 2 fois plus peuplé 🇵🇾 Paraguay
33%
~ 2 fois plus peuplé 🇵🇭 Philippines
33%
~ 2 fois plus peuplé 🇹🇯 Tadjikistan
33%
~ 2 fois plus peuplé 🇭🇺 Hongrie
29%
~ 24 fois plus peuplé 🇧🇹 Bhoutan
25%
~ 2 fois plus peuplé 🇮🇷 Iran
25%
~ 2 fois plus peuplé 🇰🇪 Kenya
25%
~ 2 fois plus peuplé 🇺🇿 Ouzbékistan
25%
~ 2 fois plus peuplé 🇷🇼 Rwanda
25%
~ 2 fois plus peuplé 🇸🇴 Somalie
25%
~ 12 fois plus peuplé 🇹🇱 Timor oriental
25%
~ 2 fois plus peuplé 🇾🇪 Yémen
25%
~ 2 fois plus peuplé 🇫🇮 Finlande
22%
~ 2 fois plus peuplé 🇦🇫 Afghanistan
20%
~ 2 fois plus peuplé 🇧🇾 Biélorussie
20%
~ 2 fois plus peuplé 🇧🇮 Burundi
20%
~ 2 fois plus peuplé 🇪🇨 Équateur
20%
~ 2 fois plus peuplé 🇭🇹 Haïti
17%
~ 2 fois plus peuplé 🇭🇳 Honduras
17%
~ 2 fois plus peuplé 🇲🇼 Malawi
17%
~ 2 fois plus peuplé 🇦🇿 Azerbaïdjan
0%
~ 2 fois plus peuplé 🇧🇩 Bangladesh
0%
~ 2 fois plus peuplé 🇧🇪 Belgique
0%
~ 2 fois plus peuplé 🇧🇷 Brésil
0%
~ 2 fois plus peuplé 🇨🇱 Chili
0%
~ 2 fois plus peuplé 🇪🇹 Éthiopie
0%
~ 2 fois plus peuplé 🇪🇹 Éthiopie
0%
~ 2 fois plus peuplé 🇮🇹 Italie
0%
~ 2 fois plus peuplé 🇱🇦 Laos
0%
~ 2 fois plus peuplé 🇲🇽 Mexique
0%
~ 2 fois plus peuplé 🇳🇵 Népal
0%
~ 2 fois plus peuplé 🇵🇪 Pérou
0%
~ 4 fois plus peuplé 🇶🇦 Qatar
0%
~ 2 fois plus peuplé 🇩🇴 République dominicaine
0%
~ 2 fois plus peuplé 🇸🇪 Suède
0%
~ 2 fois plus peuplé 🇨🇭 Suisse
0%
~ 11 fois plus peuplé 🇹🇹 Trinité-et-Tobago
0%
Aucun quiz correspondant
Distribution des résultats
% des personnes avec chaque résultat
Percentile par nombre de réponses
Votre historique - résultats
Vous n’avez pas pris ce quiz